APUSH Presidents Periods 1-9 (Dates--Presidents) - Statistics

General Stats
  • This quiz has been taken 45 times
  • The average score is 27 of 34
Answer Stats
Hint Answer % Correct
1789-1797 George Washington
100%
1797-1801 John Adams
97%
1825-1829 John Quincy Adams
97%
1801-1809 Thomas Jefferson
97%
2009-2017 Barack Obama
93%
2017-2021 Donald Trump
93%
2021-Currently in Office Joe Biden
93%
1933-1945 Franklin D. Roosevelt
90%
1989-1993 George H.W. Bush
90%
2001-2009 George W. Bush
90%
1809-1817 James Madison
90%
1961-1963 John F. Kennedy
90%
1901-1909 Theodore Roosevelt
90%
1861-1865 Abraham Lincoln
86%
1993-2001 Bill Clinton
86%
1969-1974 Richard Nixon
86%
1829-1837 Andrew Jackson
83%
1981-1989 Ronald Reagan
83%
1929-1933 Herbert Hoover
79%
1977-1981 Jimmy Carter
79%
1963-1969 Lyndon B. Johnson
79%
1865-1869 Andrew Johnson
76%
1817-1825 James Monroe
76%
1945-1953 Harry S. Truman
72%
1909-1913 William Howard Taft
72%
1913-1921 Woodrow Wilson
72%
1953-1961 Dwight Eisenhower
69%
1845-1849 James K. Polk
69%
1923-1929 Calvin Coolidge
62%
1974-1977 Gerald Ford
62%
1869-1877 Ulysses S. Grant
62%
1877-1881 Rutherford B. Hayes
52%
1897-1901 William McKinley
52%
1921-1923 Warren G. Harding
48%
No matching quizzes found
Score Distribution
Percent of People with Each Score
Percentile by Number Answered
Your Score History
You have not taken this quiz